00541nam a2200205Ia 4500003000400000005001700004008004100021020002200062040000700084041000800091082001500099100003800114245006800152260004000220300001600260365001400276440000600290650002500296650001400321OSt20230509100005.0210423s2013 xx 000 0 und d a978-81-265-4031-0 cAL aeng a543.5 SOLI aSOLOMON (Edward I);LEVER (A B P). aInorganic electronic structure and spectroscopy V1: methdology. aNew DelhibWiley Intersciencec2013 axiv,732bPB b3495cINR v1 aAnalytical Chemistry aChemistry